A Primer of Navya Nyaya language and Methodology/ (Record no. 209037)

MARC details
000 -LEADER
fixed length control field 00606nam a22002177a 4500
005 - DATE AND TIME OF LATEST TRANSACTION
control field 20250902114954.0
010 ## - LCCN (DPL NO)
LC control number ENG-143699 ENG-146520
020 ## - INTERNATIONAL STANDARD BOOK NUMBER
Terms of availability 200.00
020 ## - INTERNATIONAL STANDARD BOOK NUMBER
Terms of availability 400.00
035 ## - SYSTEM CONTROL NUMBER
System control number EN-127231
035 ## - SYSTEM CONTROL NUMBER
System control number EN-130052
037 ## - SOURCE OF ACQUISITION
Source of stock number/acquisition DBAD
082 14 - DEWEY DECIMAL CLASSIFICATION NUMBER
Classification number 001.42
100 ## - MAIN ENTRY--PERSONAL NAME
Personal name Jha, Ujjwala
245 ## - TITLE STATEMENT
Title A Primer of Navya Nyaya language and Methodology/
Statement of responsibility, etc by Ujjwala Jha
250 ## - EDITION STATEMENT
Edition statement 1
260 ## - PUBLICATION, DISTRIBUTION, ETC. (IMPRINT)
Place of publication, distribution, etc Kolkata
Name of publisher, distributor, etc The Asiatic Society
Date of publication, distribution, etc 2010
270 ## - ADDRESS
Address 1, Park Street
City Kolkata
State or province West Bengal
Postal code 700 016
300 ## - PHYSICAL DESCRIPTION
Extent 144p.
Dimensions 22cm (Hb)
942 ## - ADDED ENTRY ELEMENTS (KOHA)
Item type English Books
Source of classification or shelving scheme Dewey Decimal Classification
Call number suffix JHA
Classification part 001.42
Holdings
Withdrawn status Lost status Not for loan Collection code Home library Current library Date acquired Source of acquisition Cost, normal purchase price Full call number Barcode Copy number Cost, replacement price Koha item type
      Non-fiction Central Library Central Library 13/02/2025 Delivery of Books Act Division 200.00 JHA 001.42 EN-127231 1 200.00 English Books
    Not For Loan Non-fiction D.B.Act.Division D.B.Act.Division 02/09/2025 Delivery of Books Act Division 400.00 JHA 001.42 EN-130052 1 400.00 English Books

© Delhi Public Library
Hit Counter
free hit counter